Countries With The Most Submarines - Statistics

General Stats
  • This quiz has been taken 106 times
  • The average score is 8 of 10
Answer Stats
Hint Answer % Correct
78 China
100%
70 Russia
99%
68 United States
99%
18 India
93%
21 Japan
92%
22 South Korea
88%
35 North Korea
87%
12 Turkey
62%
19 Iran
61%
11 Greece
41%
No matching quizzes found
Score Distribution
Percent of People with Each Score
Percentile by Number Answered
Your Score History
You have not taken this quiz